[Event "WchT Seniors 65"]
[Site "Radebeul"]
[Date "2016.07.04"]
[Round "9.23"]
[White "Warnke, Eberhard"]
[Black "Koenig, Manfred"]
[Result "1-0"]
[WhiteElo "1868"]
[BlackElo "1305"]
[PlyCount "61"]
[EventDate "2016.06.26"]
[EventType "team-swiss"]
[EventRounds "9"]
[EventCountry "GER"]
[SourceTitle "CBM 173 Extra"]
[Source "ChessBase"]
[SourceDate "2016.08.29"]
[SourceVersion "1"]
[SourceVersionDate "2016.08.29"]
[SourceQuality "1"]
[WhiteTeam "Stiftung BSW/DBAG III"]
[BlackTeam "Radebeul Chemie"]
[WhiteTeamCountry "GER"]
[BlackTeamCountry "GER"]

1. d4 Nf6 2. Nf3 d5 3. h3 h6 4. e3 e6 5. Bd3 Bd6 6. 0-0 0-0 7. Nbd2 c6 8. c4 c5 9. b3 Nc6 10. Bb2 b6 11. dxc5 bxc5 12. Be2 Be7 13. Ne5 Bb7 14. Ndf3 Nxe5 15. Bxe5 Ne8 16. Qc2 Bf6 17. Bxf6 Nxf6 18. Rfd1 Qc7 19. Rac1 a5 20. cxd5 exd5 21. Qxc5 Qxc5 22. Rxc5 Rfc8 23. Rdc1 Rxc5 24. Rxc5 Ne4 25. Rc7 Ba6 26. Bxa6 Rxa6 27. Nd4 Rf6 28. f3 Nd6 29. Rc5 Nf5 30. Nxf5 Rxf5 31. Rxa5 1-0

[Event "GER-chT Betriebe 14th"]
[Site "Dresden"]
[Date "2014.11.21"]
[Round "4.4"]
[White "Baranowsky, Peter"]
[Black "Warnke, Eberhard"]
[Result "1/2-1/2"]
[WhiteElo "2009"]
[BlackElo "1854"]
[PlyCount "36"]
[EventDate "2014.11.20"]
[EventType "team-swiss"]
[EventRounds "7"]
[EventCountry "GER"]
[SourceTitle "EXT 2020"]
[Source "ChessBase"]
[SourceDate "2019.10.17"]
[SourceVersion "1"]
[SourceVersionDate "2019.10.17"]
[SourceQuality "1"]
[WhiteTeam "Berlin Tempelhof"]
[BlackTeam "Altenberg Europark"]
[WhiteTeamCountry "GER"]
[BlackTeamCountry "GER"]

1. c4 e5 2. Nc3 Nf6 3. g3 d5 4. cxd5 Nxd5 5. Bg2 Nb6 6. Nf3 Nc6 7. d3 Be7 8. 0-0 0-0 9. Be3 Be6 10. Qd2 f6 11. Rfd1 Qd7 12. h4 Rfd8 13. Kh2 Qc8 14. Ne1 Nc4 15. Qc1 Nxe3 16. Qxe3 Nd4 17. Qd2 c6 18. e3 Nf5 1/2-1/2

[Event "GER-chT Betriebe 14th"]
[Site "Dresden"]
[Date "2014.11.21"]
[Round "3.4"]
[White "Warnke, Eberhard"]
[Black "Kuhne, Detlev"]
[Result "0-1"]
[WhiteElo "1854"]
[BlackElo "2131"]
[PlyCount "56"]
[EventDate "2014.11.20"]
[EventType "team-swiss"]
[EventRounds "7"]
[EventCountry "GER"]
[SourceTitle "EXT 2020"]
[Source "ChessBase"]
[SourceDate "2019.10.17"]
[SourceVersion "1"]
[SourceVersionDate "2019.10.17"]
[SourceQuality "1"]
[WhiteTeam "Altenberg Europark"]
[BlackTeam "Berlin Deutsche Bahn/BSW"]
[WhiteTeamCountry "GER"]
[BlackTeamCountry "GER"]

1. d4 d5 2. Nf3 Nf6 3. e3 c6 4. c4 a6 5. Nc3 b5 6. cxd5 cxd5 7. Bd3 Bg4 8. h3 Bh5 9. 0-0 e6 10. a3 Be7 11. b4 0-0 12. Bb2 Nbd7 13. Be2 Bxf3 14. Bxf3 Nb6 15. Qe2 Rc8 16. Rac1 Nc4 17. Nb1 Qb6 18. Rfd1 Rfd8 19. Rc3 Rc7 20. Rdc1 Rdc8 21. g3 h6 22. Bg2 a5 23. bxa5 Qxa5 24. e4 dxe4 25. R3c2 Bd6 26. Bc3 Qa4 27. Bxe4 Nxe4 28. Qxe4 Nxa3 0-1

[Event "EU-chT Seniors 12th"]
[Site "Dresden"]
[Date "2010.02.13"]
[Round "4"]
[White "Warnke, Eberhard"]
[Black "Groschup, Gerhard"]
[Result "1/2-1/2"]
[WhiteElo "1821"]
[BlackElo "1992"]
[PlyCount "47"]
[EventDate "2010.02.10"]
[EventType "team-swiss"]
[EventRounds "9"]
[EventCountry "GER"]
[SourceTitle "CBM 134 Extra"]
[Source "ChessBase"]
[SourceDate "2010.03.03"]
[SourceVersion "1"]
[SourceVersionDate "2010.03.03"]
[SourceQuality "1"]
[WhiteTeam "Stiftung BSW/DBAG (Seniors) IV"]
[BlackTeam "Dresden Striesen (Seniors)"]
[WhiteTeamCountry "GER"]
[BlackTeamCountry "GER"]

1. Nf3 d5 2. g3 Nf6 3. Bg2 g6 4. d4 Bg7 5. 0-0 0-0 6. Nbd2 Nbd7 7. c4 e6 8. e3 b6 9. b3 Bb7 10. Bb2 Re8 11. Re1 Rc8 12. Rc1 Bf8 13. Qe2 c6 14. cxd5 exd5 15. Qd3 Ne4 16. Re2 Bd6 17. Nf1 Rc7 18. Rec2 Nb8 19. Qd1 f6 20. N1d2 Nd7 21. Nxe4 dxe4 22. Nd2 f5 23. Nc4 Bf8 24. d5 1/2-1/2

[Event "EU-chT Seniors 12th"]
[Site "Dresden"]
[Date "2010.02.10"]
[Round "1"]
[White "Warnke, Eberhard"]
[Black "Muratoglu, Salih"]
[Result "1/2-1/2"]
[WhiteElo "1821"]
[BlackElo "2083"]
[PlyCount "59"]
[EventDate "2010.02.10"]
[EventType "team-swiss"]
[EventRounds "9"]
[EventCountry "GER"]
[SourceTitle "CBM 134 Extra"]
[Source "ChessBase"]
[SourceDate "2010.03.03"]
[SourceVersion "1"]
[SourceVersionDate "2010.03.03"]
[SourceQuality "1"]
[WhiteTeam "Stiftung BSW/DBAG (Seniors) IV"]
[BlackTeam "Turkey (Seniors)"]
[WhiteTeamCountry "GER"]
[BlackTeamCountry "TUR"]

1. Nf3 Nf6 2. g3 Nc6 3. Bg2 e5 4. d3 d5 5. Nbd2 Bc5 6. 0-0 Bg4 7. c4 e4 8. cxd5 exf3 9. exf3 Qxd5 10. fxg4 Qxd3 11. Bxc6+ bxc6 12. Re1+ Kf8 13. Qa4 Qd4 14. Qxd4 Bxd4 15. Nf3 Bb6 16. h3 Re8 17. Rxe8+ Kxe8 18. Be3 Bxe3 19. fxe3 c5 20. Rd1 Ke7 21. Ne5 Ke6 22. Nc4 h5 23. gxh5 Rxh5 24. Kg2 Rg5 25. b3 Ne4 26. g4 f5 27. Kf3 Nc3 28. Rd2 Rg6 29. gxf5+ Kxf5 30. Rd7 1/2-1/2